000 00587nam a2200169Ia 4500
008 090711s9999 xx 000 0 und d
082 _b68955
100 _aमाडगूळकर गजानन दि.
245 _aउभेधागे : आडवे धागे
260 _c1992
300 _a208
600 _aमाडगूळकर गजानन दि.
630 _aउभेधागे : आडवे धागे
700 _aमाडगूळकर गजानन दि.
730 _aउभेधागे : आडवे धागे
942 _cBOOK
999 _c303904
_d303904